000
00231 a2200085 4500
020
_a
9783037787526
100
_a
Louis I. Kahn and Sue Ann Kahn
245
_a
Louis I. Kahn: The Last Notebook
260
_b
Lars Müller Publishers
_c
2024
999
_c
13406
_d
13406